000 00292nam a2200109Ia 4500
008 200302s9999 xx 000 0 und d
100 _aGail Deibler Finke
245 _aUrban Identities Creating City Images Through Design
260 _bMadison Square Press
260 _c1998
300 _a189 P.,
999 _c5525
_d5525